000
00224nam a22000857a 4500
008
161119b xxu||||| |||| 00| 0 eng d
100
_9
1287
_a
Gupta.R.S.etal.
245
_a
Composite Mathematics-VII
260
_a
New Delhi
_b
ABC
_c
2011
999
_c
3991
_d
3991